Postoptimal analyses, parametric programming, and related topics /

Bibliographic Details
Main Author: Gál, Tomáš
Format: Book
Language:English
German
Published: New York : McGraw-Hill International, [1979]
Subjects:

MARC

Tag First Indicator Second Indicator Subfields
LEADER 00000cam a2200000 a 4500
001 in00000072818
005 20151008054633.0
008 820109s1979 nyua b 00110 eng
010 |a  78040091  
020 |a 0070226792 
035 |a (OCoLC)05524445 
035 |9 AAJ1239AM 
039 0 |a 2  |b 3  |c 3  |d 3  |e 3 
040 |a DLC  |c DLC  |d TXA  |d UtOrBLW 
041 1 |a eng  |a ger 
049 |a TXAM  |c [1803555] 
050 0 0 |a T57.95  |b .G3413 
082 0 |a 658.4/03  |2 19 
100 1 |a Gál, Tomáš. 
240 1 0 |a Betriebliche Entscheidungsprobleme, Sensitivitatsanalyse und parametrische Programmierung.  |l English 
245 1 0 |a Postoptimal analyses, parametric programming, and related topics /  |c Tomas Gal ; [translated by Geoffrey V. Davis]. 
264 1 |a New York :  |b McGraw-Hill International,  |c [1979] 
264 4 |c ©1979 
300 |a xx, 380 pages :  |b illustrations ;  |c 25 cm. 
336 |a text  |b txt  |2 rdacontent 
337 |a unmediated  |b n  |2 rdamedia 
338 |a volume  |b nc  |2 rdacarrier 
500 |a Revised translation of: Betriebliche Entscheidungsprobleme, Sensitivitatsanalyse und parametrische Programmierung. 
500 |a Includes index. 
504 |a Bibliography: pages 344-373. 
650 0 |a Decision making. 
650 0 |a Linear programming. 
999 |a MARS 
999 f f |s 6d60bb73-932b-35f9-9a6a-d000638f16e8  |i 7e638e52-05fa-3aa8-bd85-affd02d23f45  |t 0 
952 f f |p normal  |a Texas A&M University  |b College Station  |c Sterling C. Evans Library  |d Evans: Library Stacks  |t 0  |e T57.95 .G3413  |h Library of Congress classification  |i unmediated -- volume  |m A14806240477 
998 f f |a T57.95 .G3413  |t 0  |l Evans: Library Stacks